000 01016cam a2200229 4500
008 000000n2002 000 0 eng u
020 _a072820388X
035 _a(Sirsi) u120984
050 _a658.2
_c18
100 _aDeakin, Mark
245 4 _aThe transition to property management
260 _aLondon
_bEstates Gazette
_c2002
300 _aix,83p.
_c24cm.
350 _a25
520 _aAn Estates Gazette reprint of this book, originally published by Chandos in 2000 (ISBN 1902375432), which examines the transition to property management. It outlines the underlying issues, considers the process of corporatisation and examines the financial instruments put in place for the strategic management of property. The development of computer-based information systems for the management of property is also looked at.
650 _aCORPORATE PROPERTY
650 _aVALUE FOR MONEY
650 _aCORPORATE REAL ESTATE
650 _aASSET MANAGEMENT
690 _aPROPERTY MANAGEMENT
_96262
942 _n0
999 _c102591
_d102591